Comperative Anatomy Of Vertebrates : (Record no. 25708)
[ view plain ]
| 000 -LEADER | |
|---|---|
| fixed length control field | 00474nam a22001577a 4500 |
| 005 - DATE AND TIME OF LATEST TRANSACTION | |
| control field | 20140310183635.0 |
| 008 - FIXED-LENGTH DATA ELEMENTS--GENERAL INFORMATION | |
| fixed length control field | 131127b xxu||||| |||| 00| 0 eng d |
| 020 ## - INTERNATIONAL STANDARD BOOK NUMBER | |
| International Standard Book Number | 9710862863 |
| 050 ## - LIBRARY OF CONGRESS CALL NUMBER | |
| Classification number | QL 805 |
| Item number | .M113 2002 |
| 245 ## - TITLE STATEMENT | |
| Title | Comperative Anatomy Of Vertebrates : |
| Remainder of title | Laboratory Manual / |
| Statement of responsibility, etc | Alma Macahia, Myra Nicart. |
| 260 ## - PUBLICATION, DISTRIBUTION, ETC. (IMPRINT) | |
| Place of publication, distribution, etc | Philippine Copyright : |
| Name of publisher, distributor, etc | Metro Manila, |
| Date of publication, distribution, etc | 2002. |
| 300 ## - PHYSICAL DESCRIPTION | |
| Extent | 153 p. : |
| Other physical details | ill. ; |
| Dimensions | 28 cm. |
| 521 ## - TARGET AUDIENCE NOTE | |
| Target audience note | |
| 546 ## - LANGUAGE NOTE | |
| Language note | C1206 |
| 942 ## - ADDED ENTRY ELEMENTS (KOHA) | |
| Source of classification or shelving scheme | Library of Congress Classification |
| Koha item type | Books |
| Call number prefix | Local |
| Withdrawn status | Lost status | Source of classification or shelving scheme | Damaged status | Home library | Current library | Shelving location | Date acquired | Total Checkouts | Full call number | Barcode | Date last seen | Copy number | Price effective from | Koha item type |
|---|---|---|---|---|---|---|---|---|---|---|---|---|---|---|
| Library of Congress Classification | College Library | College Library | General Circulation Section | 11/27/2013 | QL 805 .M113 2002 | C1206 | 05/15/2018 | 1 | 11/27/2013 | Books |